000 00328nam a2200133 i 4500
001 bg
100 1 _aKARCZEWSKI, Bohdan
245 0 _aMateriaƂy budowlane a technologia betonu /
_cBohdan Karczewski.
260 _aLublin,
_c1976.
040 _cBPK
041 _apol
942 _cKS
008 s pl f |000 0 pol
999 _c27733
_d27733
856 _uhttp://koha.tu.koszalin.pl/cgi-bin/koha/opac-detail.pl?biblionumber=27733
_yKatalog online BPK